<?xml version='1.0' encoding='UTF-8'?>
  <record xmlns="http://www.loc.gov/MARC21/slim">
    <leader>00000cam a22000007i 4500</leader>
    <controlfield tag="001">ocm68851172</controlfield>
    <controlfield tag="003">OCoLC</controlfield>
    <controlfield tag="005">20250817140432.8</controlfield>
    <controlfield tag="008">960126s1782    ne af         000 0 fre d</controlfield>
    <datafield tag="040" ind1=" " ind2=" ">
      <subfield code="a">NLGGC</subfield>
      <subfield code="b">dut</subfield>
      <subfield code="e">rda</subfield>
      <subfield code="c">NLGGC</subfield>
      <subfield code="d">OCLCQ</subfield>
      <subfield code="d">OCLCO</subfield>
      <subfield code="d">OCLCL</subfield>
      <subfield code="d">OCLCQ</subfield>
    </datafield>
    <datafield tag="029" ind1="0" ind2=" ">
      <subfield code="a">NLGGC</subfield>
      <subfield code="b">145180336</subfield>
    </datafield>
    <datafield tag="035" ind1=" " ind2=" ">
      <subfield code="a">(OCoLC)68851172</subfield>
    </datafield>
    <datafield tag="041" ind1="0" ind2=" ">
      <subfield code="a">fre</subfield>
      <subfield code="a">dut</subfield>
    </datafield>
    <datafield tag="100" ind1="1" ind2=" ">
      <subfield code="a">Renard, Louis,</subfield>
      <subfield code="d">1678/79-1746.</subfield>
      <subfield code="4">aut</subfield>
      <subfield code="1">https://id.oclc.org/worldcat/entity/E39PBJjmTrhtj8FHwRFHF8kMT3</subfield>
    </datafield>
    <datafield tag="245" ind1="1" ind2="2">
      <subfield code="a">L'histoire naturelle de la mer des Indes :</subfield>
      <subfield code="b">contenant les poissons, ecrevisses et crabes de diverses couleurs &amp; figures extraordinaires, des Isles Molucques, et sur les côtes des Terres Australes /</subfield>
      <subfield code="c">Ci-devant donné au public par feu Mr. L. Renard ... Augmenté d'une préface par Mr. A. Vosmaer ... &amp; enrichi des descriptions par Mr. P. Boddaert ...</subfield>
    </datafield>
    <datafield tag="246" ind1="3" ind2=" ">
      <subfield code="a">Natuurlyke historie der Indische zeeën</subfield>
    </datafield>
    <datafield tag="264" ind1=" " ind2="1">
      <subfield code="a">À Utrecht &amp; à Amsterdam :</subfield>
      <subfield code="b">Chez A. van Paddeburg &amp; W. Holtrop,</subfield>
      <subfield code="c">1782.</subfield>
    </datafield>
    <datafield tag="300" ind1=" " ind2=" ">
      <subfield code="a">56 pagina's, 40 platen :</subfield>
      <subfield code="b">illustraties ;</subfield>
      <subfield code="c">in-2</subfield>
    </datafield>
    <datafield tag="336" ind1=" " ind2=" ">
      <subfield code="a">tekst</subfield>
      <subfield code="b">txt</subfield>
      <subfield code="2">rdacontent/dut</subfield>
    </datafield>
    <datafield tag="337" ind1=" " ind2=" ">
      <subfield code="a">zonder medium</subfield>
      <subfield code="b">n</subfield>
      <subfield code="2">rdamedia/dut</subfield>
    </datafield>
    <datafield tag="338" ind1=" " ind2=" ">
      <subfield code="a">band</subfield>
      <subfield code="b">nc</subfield>
      <subfield code="2">rdacarrier/dut</subfield>
    </datafield>
    <datafield tag="500" ind1=" " ind2=" ">
      <subfield code="a">A-O 2 en 40 gegraveerde platen.</subfield>
    </datafield>
    <datafield tag="500" ind1=" " ind2=" ">
      <subfield code="a">Derde uitgave van L. Renard's 'Poissons, ecrevisses et crabes de diverses couleurs et figures extraordinaires'</subfield>
    </datafield>
    <datafield tag="500" ind1=" " ind2=" ">
      <subfield code="a">Verschenen in 4 afleveringen. - Niet verder verschenen. - Titel afkomstig van omslagen van de afleveringen. - Met toegevoegde titel in het Nederlands: Natuurlyke historie der Indische zeeën, behelsende de visschen, kreeften en krabben van verschillende kleuren en buitengewoone gedaanten, van de Moluksche eilanden en op de kusten der Zuidelyke landen.</subfield>
    </datafield>
    <datafield tag="500" ind1=" " ind2=" ">
      <subfield code="a">Oorspronkelijke uitgave van de platen: À Amsterdam : donné au public par Louis Renard, 1718-1719.</subfield>
    </datafield>
    <datafield tag="510" ind1="0" ind2=" ">
      <subfield code="a">Landwehr 160</subfield>
    </datafield>
    <datafield tag="700" ind1="1" ind2=" ">
      <subfield code="a">Boddaert, Pieter,</subfield>
      <subfield code="d">1730-1796.</subfield>
      <subfield code="4">ctb</subfield>
      <subfield code="1">https://id.oclc.org/worldcat/entity/E39PBJgRTmjhRCQHcHv8TqgtKd</subfield>
    </datafield>
    <datafield tag="700" ind1="1" ind2=" ">
      <subfield code="a">Vosmaer, A.</subfield>
      <subfield code="q">(Arnout),</subfield>
      <subfield code="d">1720-1799.</subfield>
      <subfield code="4">aui</subfield>
      <subfield code="1">https://id.oclc.org/worldcat/entity/E39PBJq6VK7FBrWTH8k3DhYtrq</subfield>
    </datafield>
    <datafield tag="710" ind1="0" ind2=" ">
      <subfield code="a">Paddenburg, Abraham van (Utrecht)</subfield>
      <subfield code="4">prt</subfield>
      <subfield code="0">(NL-LeOCL)077159020</subfield>
    </datafield>
    <datafield tag="710" ind1="0" ind2=" ">
      <subfield code="a">Holtrop, Willem (Amsterdam)</subfield>
      <subfield code="4">prt</subfield>
      <subfield code="0">(NL-LeOCL)077131886</subfield>
    </datafield>
    <datafield tag="936" ind1=" " ind2=" ">
      <subfield code="a">BATCHLOAD</subfield>
    </datafield>
  </record>